Statistiques concernant Logo de marque #2

Cliquez ici pour prendre le quiz!

Statistiques générales

  • Ce quiz a été pris 457 fois
  • Le résultat moyen est 15 sur 20

Statistiques - réponses

Réponse% Correct
Red bull
99%
Toyota
97%
XBOX
96%
Pepsi
94%
Pixar
89%
Chanel
87%
Shell
86%
Pizza Hut
84%
Chupa Chups
80%
Internet Explorer
79%
Toblerone
75%
Le tour de France
73%
Mitsubishi
73%
WWF
72%
KIA
69%
Nutella
61%
Martini
51%
Gillette
48%
INA
27%
Nasa
12%

Distribution des résultats

Percentile par nombre de réponses

% des personnes avec chaque résultat

Votre développement - résultats

Vous n’avez pas pris ce quiz